00836nam a2200253 i 450000100060000000300090000600500170001500700030003200800410003502000180007604000220009408000220011610000180013824501810015625000270033726000460036430000260041049000130043665000330044970000210048270000330050383000130053685200330054915562ES-MaACL20230906151114.0t|000330s1998 sp ||||0| spa j a84-323-0969-9 aM-BN bspa cM-BN a27(460.23)"15/16"1 aKamen, Henry.10aCambio cultural en la sociedad del siglo de oro b: Cataluña y Castilla, siglos XVI-XVII / cpor Henry Kamen ; [traducción de Carlo A. Caranci, Paloma Sánchez del Moral]. a1ª ed. en castellano. aMadrid : bSiglo XXI de España, c1998. aXI, 451 p. ; c24 cm.1 aHistoria14aContrarreforma-zCataluña.1 aCaranci, Carlos.1 aSánchez del Moral, Paloma.0 aHistoria aES-MaACLjL-22752 bR.128074